Cultura de la violencia y juventudes /

Uloženo v:
Podrobná bibliografie
Hlavní autor: Abramovay, Miriam
Médium: Text
Tagy: Přidat tag
Žádné tagy, Buďte první, kdo vytvoří štítek k tomuto záznamu!

MARC

LEADER 00000 a a2200000 04500
001 44351
003
040
100 |a Abramovay, Miriam  
245 |a Cultura de la violencia y juventudes /  |c Miriam Abramovay  
773 |g volumen2, páginas 195-209  
999 |c 38514  |d 38514